00214nam a2200097Ia 4500100002300000654001200023245002400035260003000059082001500089546001200104 aLiyingston/ Brian  aWindows aWindows 3.1 Secrets bGalgotiaaNew Delhic1993 a005.13 'w' aENGLISH